| 000 | 00574nam a2200217Ia 4500 | ||
|---|---|---|---|
| 003 | OSt | ||
| 005 | 20220928150003.0 | ||
| 006 | a|||||r|||| 00| 0 | ||
| 007 | ta | ||
| 008 | 220927b |||||||| |||| 00| 0 eng d | ||
| 024 | _a86392 | ||
| 037 | _cTextual | ||
| 040 |
_aSDCL _cSDCL _beng |
||
| 041 |
_2eng _aeng |
||
| 082 | _aX:77.4'N8, M4.1-.2 | ||
| 100 | _aManh-Lan Ngo Ed. | ||
| 245 | 0 |
_aUnreal growth _bCritical studies on Asian development |
|
| 260 | _c1984 | ||
| 942 |
_hX:77.4'N8, M4.1-.2 _cTEXL _2CC |
||
| 999 |
_c838538 _d838538 |
||